000 01095nam a2200217Ia 4500
999 _c36564
_d36564
001 2483
003 GE_BSU
005 20250114160241.0
008 181216s1981||||ge |||||||||||||| ||geo||
040 _cGE_BSU
041 _ageo
080 _a576(075.8)
245 _aციტოლოგია, ჰისტოლოგია და ემბრიოლოგია :
_bპროგრამა სას-სამ. უმაღლ. სასწ. სპეც. 1507-ვეტერინარია /
_cსსრკ სოფლ. მეურნ. სამ., საქ. სას-სამ. ინ-ტი, უმაღლ. და საშ. განათლ. მთ. სამ., საქ. ზოოტექნ-სავეტ. სასწ-კვლევ. ინ-ტი.
264 _aთბილისი,
_c1981.
300 _a327 გვ.;
_b20სმ.
541 _h12 ლ.
653 _aციტოლოგია
653 _aცხოველთა ჰისტოლოგია
653 _aცხოველთა ემბრიოლოგია
942 _cBK
_2udc